| 000 -LEADER |
| fixed length control field |
00569cam a2200181 a 4500 |
| 020 ## - INTERNATIONAL STANDARD BOOK NUMBER |
| ISBN |
0826412769 (alk. paper) |
| 082 00 - DEWEY DECIMAL CLASSIFICATION NUMBER |
| Classification number |
370.11 |
| Item number |
10355 |
| 100 1# - MAIN ENTRY--AUTHOR NAME |
| Personal name |
Freire, Paulo, |
| 245 10 - TITLE STATEMENT |
| Title |
Pedagogy of the oppressed / |
| Statement of responsibility, etc |
Paulo Freire ; translated by Myra Bergman Ramos ; with an introduction by Donald Macedo. |
| 250 ## - EDITION STATEMENT |
| Edition statement |
30th anniversary ed. |
| 260 ## - PUBLICATION, DISTRIBUTION, ETC. (IMPRINT) |
| Place of publication |
New York : |
| Name of publisher |
Continuum, |
| Year of publication |
c2000. |
| 300 ## - PHYSICAL DESCRIPTION |
| Number of Pages |
183 p. ; |
| 650 #0 - SUBJECT ADDED ENTRY--TOPICAL TERM |
| Topical Term |
Education |
| 650 #0 - SUBJECT ADDED ENTRY--TOPICAL TERM |
| Topical Term |
Popular education |
| 650 #0 - SUBJECT ADDED ENTRY--TOPICAL TERM |
| Topical Term |
Critical pedagogy. |
| 856 42 - ELECTRONIC LOCATION AND ACCESS |
| Uniform Resource Identifier |
http://edrev.asu.edu/reviews/rev146.htm |
| 942 ## - ADDED ENTRY ELEMENTS (KOHA) |
| Koha item type |
Books |